| 000 | 00517cam a2200169u 4500 | ||
|---|---|---|---|
| 082 |
_a621.4025 _bALL _cL-12, P-5 |
||
| 100 | 1 |
_aAllen, John Robins, _941791 |
|
| 245 | 0 | 0 | _aHeat engines; |
| 250 | _a5th ed. | ||
| 260 |
_aNew York and London, _bMcGraw-Hill book company, inc., _c1941. |
||
| 300 |
_axxi, 576 p. _bincl. illus., tables, diagrs. _c24 cm. |
||
| 526 |
_a0 _b0 _c0 _d621_402500000000000_ALL |
||
| 650 | 0 |
_aHeat-engines. _938614 |
|
| 650 | 0 |
_aMCE _9379 |
|
| 700 | 1 |
_aBursley, Joseph A. _941792 |
|
| 942 |
_2ddc _cBK |
||
| 999 |
_c545830 _d545830 |
||